La leyenda de los Césares: Su origen y su evolución

Uloženo v:
Podrobná bibliografie
Hlavní autor: Latcham Cartwright, Ricardo Eduardo (Autor)
Médium: Kniha
Jazyk:španělština
Vydáno: Santiago Imprenta Cervantes 1929
Vydání:1a. ed
Témata:
Tagy: Přidat tag
Žádné tagy, Buďte první, kdo vytvoří štítek k tomuto záznamu!

MARC

LEADER 00000nam a2200000 a 4500
001 UCJ7446
003 CL-VaPUC
008 070124e19290000CL |||||||||||||||||spa|d
082 0 4 |a Ch864  |b LAT  |2 21 
100 |a Latcham Cartwright, Ricardo Eduardo   |e author  |9 320332 
245 1 3 |a La leyenda de los Césares: Su origen y su evolución 
250 |a 1a. ed 
300 |a 50 p 
942 |c BK 
945 |d 20070124 00:00:00  |a rinostro 
260 |a Santiago  |b Imprenta Cervantes  |c 1929 
500 |a Separata de la Revista Chilena de Historia y Geografía 
650 7 |a LEYENDAS  |2 CL-VaPUC  |9 265258 
650 0 |a Colonización española  |9 256592 
651 7 |a CIUDAD DE LOS CESARES  |2 CL-VaPUC  |9 507862 
583 |a last modification  |c 20070124 00:00:00  |k Rodrigo Vera 
999 |c 323530  |d 323528 
952 |0 0  |1 0  |4 0  |6 CH_864_000000000000000_LAT_1929  |7 0  |8 X  |9 403214  |a FDOBUD  |b FDOBUD  |d 2019-11-22  |i 106391K  |o Ch864 LAT 1929  |p 106391K  |r 2019-11-22  |w 2019-11-22  |y BK_X  |k BUD